Word Hourglass XX Quiz Stats

 Plays Quiz Updated Feb 8, 2019

Support Sporcle.
Go Orange.
Score 0/9 Timer 01:30
2 Plays Today
Clue Word % Correct
First person nominative pronounI
97.7%
A drink with jam and bread?TI
79.6%
Element between He and BeLI
76%
Feel sickAIL
69.1%
The egg of a louseNIT
67.6%
First word of Caribbean nation with its capital at CastriesSAINT
63.8%
Second word of Caribbean nation with its capital at CastriesLUCIA
52.8%
A state of agitation or pissy moodSNIT
47%
The third largest city in Colombia with a famous drug cartelCALI
38.6%

From the Vault

US Census Race Categories

by mdkid2012

The last census, I entered 'Human' as my race category, now I am being audited. Coincidence? I don't think so.
Remove Ads.
Support Sporcle.
Get the best of Sporcle when you Go Orange. This ad-free experience offers more features, more stats, and more fun while also helping to support Sporcle. Thank you for becoming a member.

Show Comments

Extras

Top Quizzes Today


Score Distribution

Your Account Isn't Verified!

In order to create a playlist on Sporcle, you need to verify the email address you used during registration. Go to your Sporcle Settings to finish the process.

Report this User

Report this user for behavior that violates our Community Guidelines.

Details: